000 00394nam a22001457a 4500
005 20240313134104.0
008 240313b |||||||| |||| 00| 0 eng d
082 _a491.439
_bNIG-A
100 _aNighat Abdullah
245 _aAye Sitara Shab-e- Zinadgi /
_cby Nighat Abdullah
260 _aPakistan :
_bMubeen Hattik ;
300 _a214 p . :
_c21.5 cm .
650 _aLiterature
999 _c35362
_d35362